| 000 | 00549nam a2200193 a 4500 | ||
|---|---|---|---|
| 005 | 20210223123646.0 | ||
| 008 | 991125s1950 mos 000 0 spa u | ||
| 035 | _aUPN01000057632 | ||
| 049 | _aCG | ||
| 050 | 4 |
_aPG3476 G674 _bU58 |
|
| 100 | 1 | _aGrin, Elmar | |
| 245 | 1 | 3 |
_aEl último Almiar / _cElmar Grin ; tr. del ruso por Aurora Kantorovskaia |
| 260 |
_aMoscú : _bLenguas Extranjeras, _c1950 |
||
| 300 | _a279 p. | ||
| 500 | _aDisponible en la Colección Medina | ||
| 650 | 4 |
_aLITERATURA RUSA _9605 |
|
| 904 |
_aAC _b057635 |
||
| 905 | _aLibro | ||
| 999 |
_c57632 _d57632 |
||